000 00411nam a2200169Ia 4500
008 230524s9999 xx 000 0 und d
020 _a8185015376
082 _a510.36
_bCON
100 _aJohn B.Conway
245 0 _aFunctions of One Complex Variable
250 _a2nd
260 _aNEW DELHI
_bNarosa
_c2002
300 _aXIII;317
500 _aQuantity Number: 2
650 _aMathematics
942 _cBK
999 _c12892
_d12892